Positional Release Techniques (Record no. 4982)
[ view plain ]
| 000 -LEADER | |
|---|---|
| fixed length control field | 01619cam a22004457i 4500 |
| 001 - CONTROL NUMBER | |
| control field | 19137631 |
| 003 - CONTROL NUMBER IDENTIFIER | |
| control field | OSt |
| 005 - DATE AND TIME OF LATEST TRANSACTION | |
| control field | 20180427181550.0 |
| 008 - FIXED-LENGTH DATA ELEMENTS--GENERAL INFORMATION | |
| fixed length control field | 160615s2016 stka b 001 0 eng |
| 010 ## - LIBRARY OF CONGRESS CONTROL NUMBER | |
| LC control number | 2016304368 |
| 016 7# - NATIONAL BIBLIOGRAPHIC AGENCY CONTROL NUMBER | |
| Record control number | 101674749 |
| Source | DNLM |
| 020 ## - INTERNATIONAL STANDARD BOOK NUMBER | |
| International Standard Book Number | 9780443101151 |
| 035 ## - SYSTEM CONTROL NUMBER | |
| System control number | (OCoLC)ocn912476778 |
| 040 ## - CATALOGING SOURCE | |
| Original cataloging agency | NLM |
| Language of cataloging | eng |
| Transcribing agency | NLM |
| Description conventions | rda |
| Modifying agency | YDXCP |
| -- | OOJ |
| -- | LTSCA |
| -- | OCLCF |
| -- | NLM |
| -- | DLC |
| 042 ## - AUTHENTICATION CODE | |
| Authentication code | nlmcopyc |
| -- | lccopycat |
| 082 ## - DEWEY DECIMAL CLASSIFICATION NUMBER | |
| Classification number | WB 541 |
| Item number | C347p 2008 |
| 100 1# - MAIN ENTRY--PERSONAL NAME | |
| Personal name | Chaitow, Leon, |
| 9 (RLIN) | 8356 |
| 245 10 - TITLE STATEMENT | |
| Title | Positional Release Techniques |
| 250 ## - EDITION STATEMENT | |
| Edition statement | 3rd.ed |
| 264 #1 - PRODUCTION, PUBLICATION, DISTRIBUTION, MANUFACTURE, AND COPYRIGHT NOTICE | |
| Place of production, publication, distribution, manufacture | Edinburgh ; |
| -- | New York : |
| Name of producer, publisher, distributor, manufacturer | Elsevier, |
| Date of production, publication, distribution, manufacture, or copyright notice | 2008 |
| 300 ## - PHYSICAL DESCRIPTION | |
| Extent | xviii, 251 pages : |
| Other physical details | illustrations ; |
| Dimensions | 25 cm |
| 336 ## - CONTENT TYPE | |
| Content type term | text |
| Content type code | txt |
| Source | rdacontent |
| 337 ## - MEDIA TYPE | |
| Media type term | unmediated |
| Media type code | n |
| Source | rdamedia |
| 338 ## - CARRIER TYPE | |
| Carrier type term | volume |
| Carrier type code | nc |
| Source | rdacarrier |
| 490 1# - SERIES STATEMENT | |
| Series statement | Advanced soft tissue techniques |
| 504 ## - BIBLIOGRAPHY, ETC. NOTE | |
| Bibliography, etc | Includes bibliographical references and index. |
| 650 #0 - SUBJECT ADDED ENTRY--TOPICAL TERM | |
| Topical term or geographic name as entry element | Osteopathic medicine. |
| 9 (RLIN) | 10660 |
| 650 #0 - SUBJECT ADDED ENTRY--TOPICAL TERM | |
| Topical term or geographic name as entry element | Myalgia |
| General subdivision | Treatment. |
| 9 (RLIN) | 10661 |
| 650 #0 - SUBJECT ADDED ENTRY--TOPICAL TERM | |
| Topical term or geographic name as entry element | Manipulation (Therapeutics) |
| 9 (RLIN) | 247 |
| 650 #0 - SUBJECT ADDED ENTRY--TOPICAL TERM | |
| Topical term or geographic name as entry element | Soft tissue injuries. |
| 9 (RLIN) | 10662 |
| 650 #0 - SUBJECT ADDED ENTRY--TOPICAL TERM | |
| Topical term or geographic name as entry element | Musculoskeletal system |
| General subdivision | Wounds and injuries |
| -- | Physical therapy. |
| 9 (RLIN) | 2840 |
| 650 12 - SUBJECT ADDED ENTRY--TOPICAL TERM | |
| Topical term or geographic name as entry element | Manipulation, Orthopedic |
| General subdivision | methods |
| 9 (RLIN) | 10663 |
| 650 12 - SUBJECT ADDED ENTRY--TOPICAL TERM | |
| Topical term or geographic name as entry element | Manipulation, Osteopathic |
| General subdivision | methods |
| 9 (RLIN) | 10664 |
| 650 #7 - SUBJECT ADDED ENTRY--TOPICAL TERM | |
| Topical term or geographic name as entry element | Positional Release Therapy. |
| Source of heading or term | chirosh |
| 9 (RLIN) | 10665 |
| 650 #7 - SUBJECT ADDED ENTRY--TOPICAL TERM | |
| Topical term or geographic name as entry element | Manipulation (Therapeutics) |
| Source of heading or term | fast |
| Authority record control number | (OCoLC)fst01007737 |
| 9 (RLIN) | 247 |
| 830 #0 - SERIES ADDED ENTRY--UNIFORM TITLE | |
| Uniform title | Advanced soft tissue techniques. |
| 9 (RLIN) | 10666 |
| 906 ## - LOCAL DATA ELEMENT F, LDF (RLIN) | |
| a | 7 |
| b | cbc |
| c | copycat |
| d | 2 |
| e | ncip |
| f | 20 |
| g | y-gencatlg |
| 942 ## - ADDED ENTRY ELEMENTS (KOHA) | |
| Source of classification or shelving scheme | Other/Generic Classification Scheme |
| Koha item type | Open Shelf |
| Withdrawn status | Lost status | Source of classification or shelving scheme | Damaged status | Not for loan | Home library | Current library | Date acquired | Source of acquisition | Inventory number | Total Checkouts | Full call number | Barcode | Date last seen | Price effective from | Koha item type |
|---|---|---|---|---|---|---|---|---|---|---|---|---|---|---|---|
| Other/Generic Classification Scheme | MUST Main Library | MUST Main Library | 15/08/2016 | 2010/32665 | WB 541 C347p 2008 | 2016-3621 | 15/08/2016 | 15/08/2016 | Open Shelf |
